Тракийското сребърно съкровище от Борово (Запис номер 99534)
[ съкратено ]
| 000 -Лидер | |
|---|---|
| Контролно поле с фиксирана дължина | 02052nam a2200421 c 4500 |
| 003 - Код на организацията, давaща контролен номер | |
| Контролно поле | BLK |
| 005 - Дата и час на последна редакция | |
| Контролно поле | 20240416092438.0 |
| 008 - Елементи от данни с фиксирана дължина | |
| fixed length control field | 180409b bul|||||r ||||||| ||bul|| |
| 010 ## - Наследен системен номер | |
| LC control number | KNG00104542000 |
| 020 ## - Международен стандартен номер на книга ISBN | |
| Международен стандартен номер на книга ISBN | 954-427-490-1 |
| -- | издат.: Абагар |
| 040 ## - Източник на каталожния запис | |
| Идентификатор на билиотеката - собственик на записа | BLK |
| 041 ## - Код за език | |
| Код за езика на текст/звукозапис или на отделно заглавие | Български |
| Код за езика КДБФ | Български |
| 080 ## - УДК | |
| Текстов определител УДК | Паметници на културата на историческите периоди. Археологическите паметници. Старини |
| УДК код - определител по УДК | 904 |
| УДК определител | :739.1(497.21-21) |
| УДК - код + определител | 904:739.1(497.21-21) |
| 080 ## - УДК | |
| Текстов определител УДК | Художествени изделия от злато, сребро, платина. Златарско изкуство - Техника (гравиране, насичане, инкрустиране, филигран и др.), марки на златари и др. |
| УДК код - определител по УДК | 739.1 |
| УДК определител | (398) |
| УДК - код + определител | 739.1(398) |
| 100 1# - Редна дума - Автор | |
| Автор | Здравкова, Златоживка Иванова |
| R(LIN) | 69532 |
| 139 ## - Редно поле | |
| Редна дума | Здравкова, Златоживка Иванова и др. |
| Авторски знак | Зд - З 50 |
| 245 10 - Сведения за заглавието | |
| Заглавие | Тракийското сребърно съкровище от Борово |
| Редно поле (дума) | Златоживка Иванова Здравкова; съавт. Димитър Иванов. |
| 257 ## - Страна на издаване | |
| Страна на създаване/издаване | България |
| 260 ## - Област на издателските данни | |
| -- | В. Търново |
| Име на издателя, разпространителя и проч. | Абагар |
| Година на издаване | 2002 |
| Печатница | В. Търново : Абагар |
| 300 ## - Физическа характеристика | |
| Страници | 54 с. |
| Илюстрации и др. | 12 л. ил., к. |
| Размери/Мащаб | 23 см |
| 380 ## - Жанр | |
| Жанр | История |
| 500 ## - Общи забележки | |
| Забележка | Рез. на англ. ез. |
| 650 #4 - Допълнително описание по предмет – тема | |
| Основно описание – тема или топоним | Съкровища - България |
| 9 (RLIN) | 257879 |
| 650 #4 - Допълнително описание по предмет – тема | |
| Основно описание – тема или топоним | Тракия - старини |
| 9 (RLIN) | 271948 |
| 650 #4 - Допълнително описание по предмет – тема | |
| Основно описание – тема или топоним | Приложно и декоративно изкуство, тракийско |
| 9 (RLIN) | 275928 |
| 653 ## - Ключова дума – ненормативна | |
| Ключова дума | Тракийско съкровище |
| 653 ## - Ключова дума – ненормативна | |
| Ключова дума | Борово |
| 653 ## - Ключова дума – ненормативна | |
| Ключова дума | Тракия |
| 653 ## - Ключова дума – ненормативна | |
| Ключова дума | изкуство |
| 659 ## - Тематичен бюлетин | |
| Тематичен бюлетин | К |
| 700 1# - Други автори (авторска отговорност) | |
| Лично име | Иванов, Димитър |
| Автороска отговорност (Описва отношението между автора и произведението) | съавт. |
| 9 (RLIN) | 364449 |
| 852 ## - Местоположение | |
| Форматна сигнатура | Цб 213338 |
| 856 4# - Електронен адрес и достъп | |
| Електронен формат | pdf - файл |
| Път до файла /url/ | |
| 856 4# - Електронен адрес и достъп | |
| Електронен формат | pdf - файл |
| Път до файла /url/ | |
| 942 ## - АРТИКУЛИ | |
| Вид на библиотечния материал | Книги |
| Скрит в OPAC | Не |
| 944 ## - СЪЗДАВАНЕ И РЕДАКЦИЯ на ЗАПИСА | |
| Създаване/Редакция | Създаване |
| Дата на регистрацията/редакция | 01.01.2002 |
| Служител, извършил регистрацията/редакцията | 30560 |
| Статус, дата на статуса | Геновева Генчева |
| 944 ## - СЪЗДАВАНЕ И РЕДАКЦИЯ на ЗАПИСА | |
| Създаване/Редакция | Редакция |
| Дата на регистрацията/редакция | 24.02.2004 |
| Служител, извършил регистрацията/редакцията | |
| 999 ## - СИСТЕМНИ КОНТРОЛНИ НОМЕРА | |
| Koha biblionumber | 99534 |
| Koha biblioitemnumber | 99534 |
| Код за отписване | Код за изгубен артикул | Източник на класификационната схема | Код за повреда | Коз за рестрикции | Код за отдаване | Артикулен № | Име на библиотеката - собственик | Име на библиотеката, в която се намира в момента | Статус (Текущо местоположение) | Дата на вписване в системата | Местоположение - отдел | Цена в лева | Инвентарен номер | Систематично азбучна сигнатура | Баркод | Номер на екземпляра | Цена в евро | Служебна бележка | Служебен тип на артикула |
|---|---|---|---|---|---|---|---|---|---|---|---|---|---|---|---|---|---|---|---|
| Не е изгубен | Universal Decimal Classification | Не е повреден | само за читалня | ползва се в читалня | 160338 | Регионална библиотека "Любен Каравелов" Русе | Регионална библиотека "Любен Каравелов" Русе | Краезнание | 2002-12-05 | Краезнание | 9.00 | 120000673649 | К 9/З-50 | 120000673649 | 1 | 4.60 | Дост: Pk Вид: Ф N: 44 Дата: 04.12.2002 Дата инв: 06.11.2017 Бележки инв: К2017 | Книги | |
| Не е изгубен | Universal Decimal Classification | Не е повреден | само за читалня | ползва се в читалня | 160339 | Регионална библиотека "Любен Каравелов" Русе | Регионална библиотека "Любен Каравелов" Русе | Хранилище | 2004-01-21 | Хранилище | 9.00 | 120000682025 | Цб 213338 | 120000682025 | 2 | 4.60 | Дост: Dp Вид: Д N: 7 Дата: 29.01.2003 | Книги | |
| Не е изгубен | Universal Decimal Classification | Не е повреден | без рестрикции | заемане за дома | 730225 | Регионална библиотека "Любен Каравелов" Русе | Регионална библиотека "Любен Каравелов" Русе | Отдел Изкуство - подръчен фонд | 2019-07-15 | Отдел Изкуство - подръчен фонд | 9.00 | 9/З-50 | 120000834005 | 4.60 | Книги |